Finite Volume Methods for Hyperbolic Problems (Record no. 8375)

MARC details
000 -LEADER
fixed length control field 00540nam a22001937a 4500
003 - CONTROL NUMBER IDENTIFIER
control field OSt
005 - DATE AND TIME OF LATEST TRANSACTION
control field 20240611121056.0
008 - FIXED-LENGTH DATA ELEMENTS--GENERAL INFORMATION
fixed length control field 240611b |||||||| |||| 00| 0 eng d
022 ## - INTERNATIONAL STANDARD SERIAL NUMBER
International Standard Serial Number 0521009243
040 ## - CATALOGING SOURCE
Transcribing agency MUST
082 ## - DEWEY DECIMAL CLASSIFICATION NUMBER
Classification number 516.9 LEV 2002
100 ## - MAIN ENTRY--PERSONAL NAME
Personal name Leveque, Randall J
9 (RLIN) 17036
245 ## - TITLE STATEMENT
Title Finite Volume Methods for Hyperbolic Problems
260 ## - PUBLICATION, DISTRIBUTION, ETC. (IMPRINT)
Place of publication, distribution, etc. USA
Name of publisher, distributor, etc. : Cambridge University press
Date of publication, distribution, etc. , 2002
300 ## - PHYSICAL DESCRIPTION
Extent xix, 557
Other physical details : ill
Dimensions ; 35 cm
504 ## - BIBLIOGRAPHY, ETC. NOTE
Bibliography, etc Includes Bibliography<br/>Index
650 ## - SUBJECT ADDED ENTRY--TOPICAL TERM
Source of heading or term Electro magnetic
942 ## - ADDED ENTRY ELEMENTS (KOHA)
Source of classification or shelving scheme Dewey Decimal Classification
Koha item type Open Shelf
Holdings
Withdrawn status Lost status Source of classification or shelving scheme Damaged status Not for loan Home library Current library Date acquired Source of acquisition Inventory number Total Checkouts Full call number Barcode Date last seen Price effective from Koha item type
    Dewey Decimal Classification     MUST Main Library MUST Main Library 11/06/2024 Purchase 04/22791   516.9 LEV 2002 2024-20269 11/06/2024 11/06/2024 Open Shelf
    Dewey Decimal Classification     MUST Main Library MUST Main Library 11/06/2024 Purchase 04/22791   516.9 LEV 2002 2024-20270 11/06/2024 11/06/2024 Open Shelf
    Other/Generic Classification Scheme     MUST Main Library MUST Main Library   Purchase 06/28046   515.3 LEV 2002 2024-20399 12/06/2024   Open Shelf
    Other/Generic Classification Scheme     MUST Main Library MUST Main Library   Purchase 06/22792   515.3 LEV 2002 2024-20400 12/06/2024   Open Shelf
    Other/Generic Classification Scheme     MUST Main Library MUST Main Library   Purchase 06/28045   515.3 LEV 2002 2024-20401 12/06/2024   Open Shelf